000 00353nam a22001457a 4500
008 181031b xxu||||| |||| 00| 0 eng d
020 _a088946300X
041 _aeng
080 _a101
082 _a101
100 _a24
101 _aFIL
245 _aPeter of Ailly and the Harvest of Fourteenth Century Philosophy
_cKennedy.L.A
942 _2udc
_cBK
999 _c51246
_d51246